Métodos de laboratorio clínico
Bewaard in:
| Hoofdauteur: | |
|---|---|
| Formaat: | Boek |
| Taal: | Spaans |
| Gepubliceerd in: |
Ciudad de México
UTEHA
1955
|
| Editie: | 2a. ed |
| Onderwerpen: | |
| Tags: |
Voeg label toe
Geen labels, Wees de eerste die dit record labelt!
|
MARC
| LEADER | 00000nam a2200000 a 4500 | ||
|---|---|---|---|
| 001 | UCR4977 | ||
| 003 | CL-VaPUC | ||
| 008 | 980320e19550000MX |||||||||||||||||spa|d | ||
| 082 | 0 | 4 | |a 610.72 |b BRA |2 21 |
| 100 | 0 | |a Bray, W. E |e author |9 405624 | |
| 245 | 1 | 0 | |a Métodos de laboratorio clínico |
| 250 | |a 2a. ed | ||
| 300 | |a 567 p | ||
| 942 | |c BK | ||
| 945 | |d 19980320 00:00:00 |a crobeson | ||
| 260 | |a Ciudad de México |b UTEHA |c 1955 | ||
| 650 | 0 | |a Medicina clínica |9 328118 | |
| 650 | 7 | |a CIENCIAS MEDICAS |2 CL-VaPUC |9 337221 | |
| 650 | 7 | |a LABORATORIOS CLINICOS |2 CL-VaPUC |9 405625 | |
| 650 | 0 | |a Diagnóstico médico |9 306819 | |
| 650 | 0 | |a Patología clínica |9 405626 | |
| 650 | 0 | |a Análisis de orina |9 405627 | |
| 650 | 0 | |a Hematología |9 343849 | |
| 650 | 7 | |a QUIMICA SANGUINEA |2 CL-VaPUC |9 405628 | |
| 650 | 0 | |a Parásitos |9 346252 | |
| 650 | 0 | |a Bacteriología |9 259330 | |
| 650 | 0 | |a Micología |9 326258 | |
| 650 | 0 | |a Análisis del agua |9 262189 | |
| 650 | 7 | |a SEROLOGIA |2 CL-VaPUC |9 361173 | |
| 650 | 7 | |a TOXICOLOGIA |2 CL-VaPUC |9 306970 | |
| 583 | |a last modification |c 19980320 00:00:00 |k Rodrigo Vera | ||
| 999 | |c 267752 |d 267750 | ||
| 952 | |0 0 |1 0 |4 0 |6 610_720000000000000_BRA_1955 |7 0 |8 A |9 300265 |a BIBALI |b BIBALI |c GEN |d 2019-11-20 |i 1969072 |o 610.72 BRA 1955 |p 1969072 |r 2025-01-20 |w 2019-11-20 |y BK |k ALI | ||